000 00289nam a22001337a 4500
008 181218b xxu||||| |||| 00| 0 eng d
020 _a0138167443
041 _aeng
080 _a316
100 _a50
101 _aSOC
245 _aSocial Learning Theory
_cBandura,A
942 _2udc
_cBK
999 _c53348
_d53348